000 00523nam a2200193Ia 4500
005 20250923144430.0
008 008 250917s9999 xx 000 0 eng d
037 _aTextual
040 _aDSWL
_beng
_cDSWL
041 _aeng
_2eng
084 _aY12:45:62:3, N3
_qDSWL
100 _aAlper, B S
_9824827
245 0 _aCriminal youth and borstal system
_cby B S Alper
260 _c1948
300 _a481p.
700 _aW HEALY
_9824828
942 _cTEXL
_hY12:45:62:3, N3
999 _c1438820
_d1438820